Normal view
MARC view
Entry Personal Name
001 - CONTROL NUMBER
- control field: 32453
003 - CONTROL NUMBER IDENTIFIER
- control field: OSt
005 - DATE AND TIME OF LATEST TRANSACTION
- control field: 20220823123252.0
008 - FIXED-LENGTH DATA ELEMENTS
- fixed length control field: 220823|| aca||aabn | a|a d
040 ## - CATALOGING SOURCE
- Original cataloging agency: OSt
- Transcribing agency: OSt
100 ## - HEADING--PERSONAL NAME
- Personal name: Pareek, Urvashi Sol and Ambedkar, Nagendra
670 ## - SOURCE DATA FOUND
- Source citation: Work cat.: (OSt)519220: Pareek, Urvashi Sol and Ambedkar, Nagendra , Institutional responses to the management of covid-19 crisis: Lessons from the Bhilwara and the Ramganj models of Rajasthan
